Anagramas - Capitales de América - Estadísticas

Estadísticas generales
  • Esta prueba ha sido intentada 199 veces
  • La puntuación promedio es 10 de 14
Estadísticas de respuestas
Anagrama Capital % Correcto
NAPAAM PANAMA
93%
LIRASBA BRASILIA
92%
SAACARC CARACAS
90%
AGOBTO BOGOTA
89%
SEBONU SIREA BUENOS AIRES
85%
KNOGTINS KINGSTON
80%
ESCRU SUCRE
76%
TOWNHISANG WASHINGTON
69%
PUTELGIGAC TEGUCIGALPA
68%
TANOS MOONDIG SANTO DOMINGO
67%
NASCIONU ASUNCION
62%
MUGAANA MANAGUA
56%
MANPLEBO BELMOPAN
39%
BRAPIOAMA PARAMARIBO
33%
No se encontraron pruebas coincidentes
Distribución de puntuación
Porcentaje de gente con cada puntuación
Porcentaje por número respondido
Historial de tus puntuaciones
No has intentado esta prueba.